Logo CIB grande

QUÍMICA ORGÁNICA (Registro nro. 230975)

Detalles MARC
000 -LEADER
campo de control de longitud fija 00445nam a2200193Ia 4500
005 - FECHA Y HORA DE LA ÚLTIMA TRANSACCIÓN
campo de control 20250425162525.0
008 - DATOS DE LONGITUD FIJA--INFORMACIÓN GENERAL
campo de control de longitud fija 250425s9999 xx 000 0 und d
020 ## - NÚMERO INTERNACIONAL ESTÁNDAR DEL LIBRO
Número Internacional Estándar del Libro 9789702607915
041 ## - CÓDIGO DE IDIOMA
Código de lengua del texto/banda sonora o título independiente spa
082 ## - NÚMERO DE LA CLASIFICACIÓN DECIMAL DEWEY
Número de clasificación 547
010 ## - NÚMERO DE CONTROL DE LA BIBLIOTECA DEL CONGRESO
Número de control de LC 81670
100 ## - ENTRADA PRINCIPAL--NOMBRE DE PERSONA
Nombre de persona BRUICE, PAULA YURKANIS
245 #0 - MENCIÓN DEL TÍTULO
Título QUÍMICA ORGÁNICA
250 ## - MENCION DE EDICION
Mención de edición 5A ED.
260 ## - PUBLICACIÓN, DISTRIBUCIÓN, ETC.
Lugar de publicación, distribución, etc. Estados Unidos
Nombre del editor, distribuidor, etc. PEARSON EDUCACION
Fecha de publicación, distribución, etc. 2008
260 ## - PUBLICACIÓN, DISTRIBUCIÓN, ETC.
Lugar de publicación, distribución, etc. S.L.
300 ## - DESCRIPCIÓN FÍSICA
Extensión 1319
942 ## - ELEMENTOS DE ENTRADA SECUNDARIOS (KOHA)
Tipo de ítem Koha Libros
Existencias
Estatus retirado Estado de pérdida Fuente de la clasificación o esquema de estantería Estado de daño No para préstamo Biblioteca de origen Biblioteca actual Fecha de adquisición Coste, precio normal de compra Etiqueta RFID Total de préstamos Signatura topográfica completa Código de barras Visto por última vez Fecha del último préstamo Copia número Tipo de ítem Koha Nota pública
    Clasificación Decimal Dewey     CENTRO DE INFORMACIÓN BIBLIOTECARIA CENTRO DE INFORMACIÓN BIBLIOTECARIA 27/05/2012 136.00 0000000000000000037495 2 547 62363 22/10/2025 14/10/2025 1 Libros CIB.ESPOL
    Clasificación Decimal Dewey     CENTRO DE INFORMACIÓN BIBLIOTECARIA CENTRO DE INFORMACIÓN BIBLIOTECARIA 27/05/2012 136.00 0000000000000000037494 2 547 62364 01/08/2025 28/07/2025 2 Libros CIB.ESPOL

Copyright 2025 ESPOL. Todos los derechos reservados.